Подробности
| 000 -МАРКЕР |
| контрольное поле |
02471nam0a2200505 4500 |
| 001 - ИДЕНТИФИКАТОР ЗАПИСИ |
| контрольное поле |
RU\NLR\bibl\1482974 |
| 005 - ИДЕНТИФИКАТОР ВЕРСИИ |
| контрольное поле |
20260408081144.0 |
| 010 ## - МЕЖДУНАРОДНЫЙ СТАНДАРТНЫЙ НОМЕР КНИГИ (ISBN) |
| Номер (ISBN) |
978-5-98511-089-0 |
| Тираж |
200 |
| 021 ## - НОМЕР ГОСУДАРСТВЕННОЙ РЕГИСТРАЦИИ |
| Код страны |
Российская Федерация |
| Номер |
2010-1598 |
| Номер Листа государственной регистраци |
95 |
| 035 ## - ДРУГИЕ СИСТЕМНЫЕ НОМЕРА |
| Идентификатор записи |
(nilc)LIBNET\0000012417 |
| 035 ## - ДРУГИЕ СИСТЕМНЫЕ НОМЕРА |
| Идентификатор записи |
(NLR Aleph) 001474602 |
| 100 ## - ДАННЫЕ ОБЩЕЙ ОБРАБОТКИ |
| Данные общей обработки |
20100204d2009 |||y0rusy50 ca |
| 101 0# - ЯЗЫК РЕСУРСА |
| Язык текста, звукозаписи и т.д. |
русский |
| 102 ## - СТРАНА ПУБЛИКАЦИИ ИЛИ ПРОИЗВОДСТВА |
| Страна публикации |
Российская Федерация |
| 105 ## - ПОЛЕ КОДИРОВАННЫХ ДАННЫХ: ТЕКСТОВЫЕ МАТЕРИАЛЫ, МОНОГРАФИЧЕСКИЕ |
| Кодированные данные о монографическом текстовом документе |
a ||||||||| |
| 200 1# - ЗАГЛАВИЕ И СВЕДЕНИЯ ОБ ОТВЕТСТВЕННОСТИ |
| Основное заглавие |
Микоплазменная и хламидийная инфекции у детей |
| Сведения, относящиеся к заглавию |
учебное пособие |
| Первые сведения об ответственности |
М-во здравоохранения Моск. обл., Гос. учреждение Моск. обл. н.-и. клинич. ин-т им. М. Ф. Владимирского, фак. усоверш. врачей |
| Последующие сведения об ответственности |
[Е. Е. Целипанова и др.] |
| 210 ## - ПУБЛИКАЦИЯ, РАСПРОСТРАНЕНИЕ И ДР. |
| Место издания, распространения и т.д. |
Москва |
| Имя издателя, распространителя и т. д. |
МОНИКИ |
| Дата издания, распространения и т.д. |
2009 |
| 215 ## - ФИЗИЧЕСКАЯ ХАРАКТЕРИСТИКА |
| Специфическое обозначение материала и объем |
22, [1] с. |
| Размеры |
21 |
| 320 ## - ПРИМЕЧАНИЯ О НАЛИЧИИ В ДОКУМЕНТЕ БИБЛИОГРАФИИ / УКАЗАТЕЛЯ |
| Текст примечания |
Библиогр. в конце кн. (8 назв.) |
| 606 1# - НАИМЕНОВАНИЕ ТЕМЫ КАК ПРЕДМЕТ |
| Наименование темы |
МИКОПЛАЗМОЗЫ |
| Код системы |
rus_mesh |
| Идентификатор авторитетной/нормативной записи |
R9342 |
| 606 1# - НАИМЕНОВАНИЕ ТЕМЫ КАК ПРЕДМЕТ |
| Наименование темы |
MYCOPLASMA INFECTIONS |
| Код системы |
rus_mesh |
| Идентификатор авторитетной/нормативной записи |
E9342 |
| 606 1# - НАИМЕНОВАНИЕ ТЕМЫ КАК ПРЕДМЕТ |
| Наименование темы |
МИКОПЛАЗМОЗЫ |
| Формальный подзаголовок |
метод рекомендации |
| Код системы |
rus_mesh |
| Идентификатор авторитетной/нормативной записи |
R9342 |
| 606 1# - НАИМЕНОВАНИЕ ТЕМЫ КАК ПРЕДМЕТ |
| Наименование темы |
ХЛАМИДИОЗЫ |
| Код системы |
rus_mesh |
| Идентификатор авторитетной/нормативной записи |
R2791 |
| 606 1# - НАИМЕНОВАНИЕ ТЕМЫ КАК ПРЕДМЕТ |
| Наименование темы |
CHLAMYDIACEAE INFECTIONS |
| Код системы |
rus_mesh |
| Идентификатор авторитетной/нормативной записи |
E2791 |
| 606 1# - НАИМЕНОВАНИЕ ТЕМЫ КАК ПРЕДМЕТ |
| Наименование темы |
ХЛАМИДИОЗЫ |
| Формальный подзаголовок |
метод рекомендации |
| Код системы |
rus_mesh |
| Идентификатор авторитетной/нормативной записи |
R2791 |
| 606 1# - НАИМЕНОВАНИЕ ТЕМЫ КАК ПРЕДМЕТ |
| Наименование темы |
Микоплазмоз детей |
| Формальный подзаголовок |
Учебные издания |
| Системный номер авторитетной/нормативной записи |
2590498 |
| Идентификатор авторитетной/нормативной записи |
RU\NLR\auth\661530919 |
| 606 1# - НАИМЕНОВАНИЕ ТЕМЫ КАК ПРЕДМЕТ |
| Наименование темы |
Хламидиозы детей |
| Формальный подзаголовок |
Учебные издания |
| Системный номер авторитетной/нормативной записи |
2217004 |
| Идентификатор авторитетной/нормативной записи |
RU\NLR\auth\661331470 |
| 686 ## - ИНДЕКСЫ ДРУГИХ КЛАССИФИКАЦИЙ |
| Индекс |
76.29.47 |
| Код системы |
|
| 686 ## - ИНДЕКСЫ ДРУГИХ КЛАССИФИКАЦИЙ |
| Индекс |
76.29.50 |
| Код системы |
|
| 686 ## - ИНДЕКСЫ ДРУГИХ КЛАССИФИКАЦИЙ |
| Индекс |
76.03.43 |
| Код системы |
|
| 686 ## - ИНДЕКСЫ ДРУГИХ КЛАССИФИКАЦИЙ |
| Индекс |
76.01.33 |
| Код системы |
|
| 686 ## - ИНДЕКСЫ ДРУГИХ КЛАССИФИКАЦИЙ |
| Индекс |
C01.252.400.610.610 |
| Издание |
2010 |
| Код системы |
|
| 686 ## - ИНДЕКСЫ ДРУГИХ КЛАССИФИКАЦИЙ |
| Индекс |
C01.252.400.210 |
| Издание |
2010 |
| Код системы |
|
| 686 ## - ИНДЕКСЫ ДРУГИХ КЛАССИФИКАЦИЙ |
| Индекс |
Р733.514.317я7 |
| 686 ## - ИНДЕКСЫ ДРУГИХ КЛАССИФИКАЦИЙ |
| Индекс |
Р733.514.8я7 |
| 702 #1 - ИМЯ ЛИЦА - ВТОРИЧНАЯ ОТВЕТСТВЕННОСТЬ |
| Начальный элемент ввода |
Целипанова |
| Часть имени, кроме начального элемента ввода |
Е. Е. |
| Расширение инициалов личного имени |
Елена Евгеньевна |
| Код отношения |
Составитель |
| 712 02 - НАИМЕНОВАНИЕ ОРГАНИЗАЦИИ - ВТОРИЧНАЯ ОТВЕТСТВЕННОСТЬ |
| Код отношения |
Прочие |
| Начальный элемент ввода |
Московский областной научно-исследовательский клинический институт им. М. Ф. Владимирского |
| Структурное подразделение |
Факультет усовершенствования врачей |
| Идентификатор авторитетной/нормативной записи |
RU\NLR\AUTH\8810114956 |
| Системный номер авторитетной/нормативной записи |
729206 |
| 801 #0 - ИСТОЧНИК ЗАПИСИ |
| Страна |
Российская Федерация |
| Организация |
ЦНМБ |
| Дата составления |
20100204 |
| Правила каталогизации |
PSBO |
| 801 #1 - ИСТОЧНИК ЗАПИСИ |
| Страна |
Российская Федерация |
| Организация |
ЦНМБ |
| Дата составления |
20100204 |
| 801 #2 - ИСТОЧНИК ЗАПИСИ |
| Страна |
Российская Федерация |
| Организация |
ЦНМБ |
| Дата составления |
20100303 |
| 801 #2 - ИСТОЧНИК ЗАПИСИ |
| Страна |
Российская Федерация |
| Организация |
NLR |
| Дата составления |
20100310 |
| Правила каталогизации |
rcr |
| 942 ## - ДОПОЛНИТЕЛЬНЫЕ ЭЛЕМЕНТЫ ЗАПИСИ (АБИС) |
| Тип экземпляра АБИС |
Книга |
| 980 ## - КОЛЛЕКЦИЯ |
| Название коллекции |
Национальная библиография |